Theavada buddhism and the british encounter (Record no. 969401)

MARC details
000 -LEADER
fixed length control field 00911nam a2200265Ia 4500
003 - CONTROL NUMBER IDENTIFIER
control field OSt
005 - DATE AND TIME OF LATEST TRANSACTION
control field 20221005062235.0
008 - FIXED-LENGTH DATA ELEMENTS--GENERAL INFORMATION
fixed length control field 221004b |||||||| |||| 00| 0 eng d
020 ## - INTERNATIONAL STANDARD BOOK NUMBER
International Standard Book Number 9780415544429 (pbk)
037 ## - SOURCE OF ACQUISITION
Terms of availability Textual
040 ## - CATALOGING SOURCE
Original cataloging agency CRL
Transcribing agency CRL
Language of cataloging eng
041 ## - LANGUAGE CODE
Source of code eng
Language code of text/sound track or separate title eng
100 ## - MAIN ENTRY--PERSONAL NAME
Personal name Harris Elizabeth Au.
9 (RLIN) 601598
245 #0 - TITLE STATEMENT
Title Theavada buddhism and the british encounter
Remainder of title religious, missionary and colonial experience in nineteenth-century Sri Lanka
260 ## - PUBLICATION, DISTRIBUTION, ETC.
Place of publication, distribution, etc. London
Name of publisher, distributor, etc. Routledge UK
Date of publication, distribution, etc. 2006
300 ## - PHYSICAL DESCRIPTION
Extent xiv,274p.
Dimensions cm.
650 ## - SUBJECT ADDED ENTRY--TOPICAL TERM
Topical term or geographic name entry element SRI LANKA - HISTORY
650 ## - SUBJECT ADDED ENTRY--TOPICAL TERM
Topical term or geographic name entry element BUDDHISM - SRI LANKA
9 (RLIN) 32235
942 ## - ADDED ENTRY ELEMENTS (KOHA)
Classification part Q41.4498, P6
Koha item type Textual
Source of classification or shelving scheme
Holdings
Withdrawn status Lost status Damaged status Not for loan Home library Current library Date acquired Source of acquisition Total Checkouts Full call number Barcode Date last seen Price effective from Koha item type
        Central Library Central Library 2022-10-05 139, 13/11/2017, Classic Book Service   Q41.4498 P6 CL1640920 2022-10-05 2022-10-05 Textual
Copyright @ Delhi University Library System